|
|
|
|
| LEADER |
00000nam a2200000 a 4500 |
| 001 |
vtls008368674 |
| 003 |
SK-MaSNL |
| 005 |
20260302074606.0 |
| 008 |
251029s1953 xo slo |
| 015 |
|
|
|a SKSNBA19451955-002051
|
| 035 |
|
|
|a SK01SNKBKSFS20020060891
|
| 035 |
|
|
|a SKM000063354
|
| 040 |
|
|
|a SNK
|b slo
|c SNK
|e AACR2
|
| 041 |
1 |
|
|a slo
|h rus
|
| 044 |
|
|
|a xo
|c SK
|
| 080 |
|
|
|a 636.4
|2 1981
|
| 100 |
1 |
|
|a Dobrochotov, G.N.
|4 aut
|9 693326
|
| 245 |
1 |
0 |
|a Spoločný chov ošípaných
|c G.N. Dobrochotov ; (z rus. orig. prel. Július Belej)
|
| 260 |
|
|
|a Bratislava
|b ŠPN
|c 1953
|e Nitra
|f Nitrian. tlač.
|
| 300 |
|
|
|a 142, [2] s.
|c V. 8°
|
| 490 |
0 |
|
|a Živočíšna výroba
|v sv. 4
|
| 500 |
|
|
|a Ilustrované. Tabuľky
|
| 563 |
|
|
|a 4.400 výtlač.
|
| 650 |
0 |
7 |
|a ošípané
|x chov
|x príručky
|2 SNK
|9 453914
|
| 655 |
|
7 |
|a knihy
|2 SNKPH
|9 307098
|
| 700 |
1 |
|
|a Belej, Július
|4 trl
|9 533003
|
| 830 |
|
0 |
|a Živočíšna výroba
|9 265285
|
| 852 |
|
|
|a Slovenská národná knižnica v Martine
|b 10000
|h MS SD 8167
|
| 958 |
|
|
|a OND
|
| 958 |
|
|
|a RK
|
| 958 |
|
|
|a TL
|
| 999 |
|
|
|c 1165645
|d 1167575
|
| 952 |
|
|
|a SNK
|b SNK
|y VYP
|7 0
|p 17A0889209
|o snkSD 8167/4 D1
|i snkF 2577/64
|8 5
|0 0
|1 0
|4 0
|d 2012-06-25
|l 0
|r 2026-02-24 20:47:43
|w 2026-02-24
|
| 952 |
|
|
|a SNK
|b SNK
|y VYP
|7 0
|p 17A0889208
|o snkSD 8167/4 D2
|i snkD 265/65
|8 1
|0 0
|1 0
|4 0
|d 2012-06-25
|l 0
|r 2026-02-24 20:47:43
|w 2026-02-24
|